We Love Green 2024 - La Line Up - Statistiques

Statistiques générales
  • Ce quiz a été pris 2 fois
  • Le résultat moyen est 12 sur 62
Statistiques - réponses
Indice Artiste % Correct
Free YSL Hamza
100%
Sexyy Red (ft. La Fève) Lala &ce
100%
La vie qu'on mène Ninho
100%
Bécane Yamê
100%
I <3 U SO (sans Zdar) Boombass
50%
Kid Eddy de Pretto
50%
BENJAMIN (ft. Keeqaid) gapman
50%
Ailleurs Josman
50%
Bolide Noir (ft. Central Cee) JRK19
50%
D.A.N.C.E Justice
50%
Peur des filles L'Impératrice
50%
merci bonne journée (ft. H JeuneCrack) Mairo
50%
OK (ft. La Fève) Malo
50%
BOOGIE (ft. La Fève) Meel B
50%
Seeing 20 Mel V
50%
VENDREDI À LONDRES (ft. BU$HI) NeS
50%
(It Goes Like) - Nanana Peggy Gou
50%
Praise The Lord (ft. A$AP Rocky) Skepta
50%
Kill Bill SZA
50%
HINATA TIF
50%
Sorry For Being So Sexy Anetha
0%
Long Way 2go Armelbizzman
0%
Time Moves Slow BADBADNOTGOOD
0%
TWITCH Bambii
0%
Delirio (avec Nick Leon) Bitter Babe
0%
Location (ft. Dave) Burna Boy
0%
Blind Faith (ft. Liam Bailey) Chase & Status
0%
Overnight Chilly Gonzales
0%
Easy Like Before Crystal Murray
0%
Brazil Declan McKenna
0%
(Collectif de danse reggaeton) DIVIN0
0%
Step By Step DJ Falcon
0%
Soleil Mort ELOI
0%
Am I Wrong Etienne de Crécy
0%
Two Thousand and Seventeen Four Tet
0%
THESE DISHES AIN'T GONNA DO THEMSELVES KABEAUSHÉ
0%
YOU'RE THE ONE (ft. Syd) KAYTRANADA
0%
Strangers Kenya Grace
0%
BYE BYE Kim Gordon
0%
Work This Time King Gizzard & The Lizard Wizard
0%
Siesta Freestyle (ft. Alicia te quiero) Lewis OfMan
0%
What You Like (ft. yunè pinku) Logic1000
0%
Sick Bitch LSDXOXO
0%
Reste en vie Luidji
0%
Les Mots d'Amour Lulu Van Trapp
0%
Get Fixed (ft. Alex Edkins) Lysistrata
0%
Jet Ski (ft. DJ Tutuss) Meryl
0%
Party With A Jagaban Midas The Jagaban
0%
Bikini (ft. Erika de Casier) Nick Leon
0%
Evergreen Omar Apollo
0%
Theatrical State of Mind Papooz
0%
girls like drugs Paris Texas
0%
GATA (ft. rusowsky) Ralphie Choo
0%
LOVE DEATH ROBOTS Rounhaa
0%
No Love (ft. Clara Nowhere & Joseph Schiano di Lombo) Saint DX
0%
Notif Shay
0%
JUNGLE TEKNAH Sherelle
0%
365 (ft. Charli xcx) Shygirl
0%
Burn Dem Bridges Skin On Skin
0%
Rush Troye Sivan
0%
Wadibusa Uncle Waffles
0%
0∞ Verraco
0%
Aucun quiz correspondant
Distribution des résultats
% des personnes avec chaque résultat
Percentile par nombre de réponses
Votre historique - résultats
Vous n’avez pas pris ce quiz